000 00268nam a22001217a 4500
008 180425b xxu||||| |||| 00| 0 eng d
041 _aeng
080 _a043.3
100 _a0
101 _aINI-BA
245 _aOrganizimi i Punishtes
_cJashanica, V
942 _2udc
_cBK
999 _c45492
_d45492